The ESAF at ten years : (Record no. 129165)
[ view plain ]
| 000 -LEADER | |
|---|---|
| fixed length control field | 02203nam a2200445 a 4500 |
| 001 - CONTROL NUMBER | |
| control field | 1676705 |
| 003 - CONTROL NUMBER IDENTIFIER | |
| control field | ARRUPE |
| 005 - DATE AND TIME OF LATEST TRANSACTION | |
| control field | 20190307114659.0 |
| 008 - FIXED-LENGTH DATA ELEMENTS--GENERAL INFORMATION | |
| fixed length control field | 980402s1997 dcua b i000 0 eng d |
| 010 ## - LIBRARY OF CONGRESS CONTROL NUMBER | |
| LC control number | 98134524 |
| 020 ## - INTERNATIONAL STANDARD BOOK NUMBER | |
| International Standard Book Number | 1557756937 |
| 035 ## - SYSTEM CONTROL NUMBER | |
| System control number | (MH)MHBLM37570HU |
| 035 ## - SYSTEM CONTROL NUMBER | |
| System control number | (OCoLC)38518890 |
| 035 ## - SYSTEM CONTROL NUMBER | |
| System control number | (CStRLIN)MAHGBLM37570-B |
| 040 ## - CATALOGING SOURCE | |
| Original cataloging agency | DBI |
| Transcribing agency | DBI |
| Modifying agency | MH |
| -- | CStRLIN |
| -- | DLC |
| 042 ## - AUTHENTICATION CODE | |
| Authentication code | lccopycat |
| 043 ## - GEOGRAPHIC AREA CODE | |
| Geographic area code | d------ |
| 050 00 - LIBRARY OF CONGRESS CALL NUMBER | |
| Classification number | HC59.7 |
| Item number | .E83 1997 |
| 300 ## - PHYSICAL DESCRIPTION | |
| Other physical details | ill. (col.) ; |
| Dimensions | 28 cm. |
| 245 04 - TITLE STATEMENT | |
| Title | The ESAF at ten years : |
| Remainder of title | economic adjustment and reform in low-income countries / |
| Statement of responsibility, etc | staff of the International Monetary Fund. |
| 246 3# - VARYING FORM OF TITLE | |
| Title proper/short title | Enhanced Structural Adjustment Facility at ten years. |
| 246 3# - VARYING FORM OF TITLE | |
| Title proper/short title | Structural Adjustment Facility at ten years. |
| 246 30 - VARYING FORM OF TITLE | |
| Title proper/short title | Economic adjustment and reform in low-income countries. |
| 260 ## - PUBLICATION, DISTRIBUTION, ETC. (IMPRINT) | |
| Place of publication, distribution, etc | Washington, DC : |
| Name of publisher, distributor, etc | International Monetary Fund, |
| Date of publication, distribution, etc | 1997. |
| 300 ## - PHYSICAL DESCRIPTION | |
| Extent | vii, 50 p. : |
| 490 1# - SERIES STATEMENT | |
| Series statement | Occasional paper, |
| International Standard Serial Number | 0251-6365 ; |
| Volume number/sequential designation | 156 |
| 500 ## - GENERAL NOTE | |
| General note | "December 1997." |
| 500 ## - GENERAL NOTE | |
| General note | "This paper is a summary of the latest periodic review of experience under SAF-ESAF-supported programs...The report draws on a number of background studies, which will also be published shortly. The review was directed by Susan Schadler, senior adviser in the Policy Development and Review Department, under the general guidance of the Department's director, Jack Boorman. The principal author of the summary report was Hugh Bredenkamp, Chief of the Policy Review Division"--P. vii. |
| 504 ## - BIBLIOGRAPHY, ETC. NOTE | |
| Bibliography, etc | Includes bibliographical references (p.48). |
| 610 20 - SUBJECT ADDED ENTRY--CORPORATE NAME | |
| Corporate name or jurisdiction name as entry element | International Monetary Fund. |
| 9 (RLIN) | 26656 |
| 650 #0 - SUBJECT ADDED ENTRY--TOPICAL TERM | |
| Topical term or geographic name as entry element | Structural adjustment (Economic policy) |
| Geographic subdivision | Developing countries. |
| 9 (RLIN) | 41653 |
| 650 #0 - SUBJECT ADDED ENTRY--TOPICAL TERM | |
| Topical term or geographic name as entry element | Economic assistance |
| Geographic subdivision | Developing countries. |
| 9 (RLIN) | 202 |
| 700 1# - ADDED ENTRY--PERSONAL NAME | |
| Personal name | Schadler, Susan. |
| 9 (RLIN) | 41236 |
| 700 1# - ADDED ENTRY--PERSONAL NAME | |
| Personal name | Bredenkamp, Hugh. |
| 9 (RLIN) | 45109 |
| 710 2# - ADDED ENTRY--CORPORATE NAME | |
| Corporate name or jurisdiction name as entry element | International Monetary Fund. |
| 9 (RLIN) | 26656 |
| 830 #0 - SERIES ADDED ENTRY--UNIFORM TITLE | |
| Uniform title | Occasional paper (International Monetary Fund) ; |
| Volume number/sequential designation | no. 156. |
| 9 (RLIN) | 45110 |
| 906 ## - LOCAL DATA ELEMENT F, LDF (RLIN) | |
| a | 7 |
| b | cbc |
| c | copycat |
| d | 2 |
| e | ncip |
| f | 19 |
| g | y-gencatlg |
| 942 ## - ADDED ENTRY ELEMENTS (KOHA) | |
| Source of classification or shelving scheme | Library of Congress Classification |
| Koha item type | Monograph ( Printed materials) |
| Withdrawn status | Lost status | Source of classification or shelving scheme | Damaged status | Not for loan | Collection code | Home library | Current library | Shelving location | Date acquired | Total Checkouts | Full call number | Barcode | Date last seen | Price effective from | Koha item type |
|---|---|---|---|---|---|---|---|---|---|---|---|---|---|---|---|
| Library of Congress Classification | Main Collection | ARRUPE LIBRARY | ARRUPE LIBRARY | Main Collection | 07/03/2019 | HC59.7 .E83 1997 | 46600004132 | 07/03/2019 | 07/03/2019 | Monograph ( Printed materials) |